000 00560nam a22002177a 4500
003 UA-OsUOA
001 131914
007 ta
008 20180625b un ||||| |||| 00| 0 ukr d
100 _aБойко В.
090 _a94(477)
_bБ77
942 _cSA
040 _aUA-OsUOA
_bukr
_cUA-OsUOA
_dUA-OsUOA
245 _aБолгарія та Україна в історії Європи
300 _aС.7
955 _a0
041 _aukr
080 _a94(477)
773 0 _w131912
650 7 _a9 Географія. Біографії. Історія
_2UDC
999 _c420364
_d420364